000 004480000a22001810004500
003 MACL
005 20151004160154.0
008 151004b xxu||||| |||| 00| 0 eng d
040 _aMACL
_cMACL
041 _aEnglish
082 _a910/VIR
100 _aVirmani, K K
_913774
245 _aZambia
_bThe Dawn Of Freedom
260 _bKalinga Publications
_c1989
_aDelhi
350 _a200
650 _aGeography & Travel
_913775
942 _cBK
_k910
_2ddc
999 _c4989
_d4989